[Event "Tilburg Fontys"]
[Site "Tilburg"]
[Date "1996.10.19"]
[Round "8"]
[White "Polgar, Judit"]
[Black "Karpov, Anatoly"]
[Result "1/2-1/2"]
[WhiteElo "2665"]
[BlackElo "2775"]
[Annotator "Tsesarsky,I"]
[PlyCount "39"]
[EventDate "1996.10.11"]
[EventType "tourn"]
[EventRounds "11"]
[EventCountry "NED"]
[EventCategory "16"]
[SourceTitle "CBM 056"]
[Source "ChessBase"]
[SourceDate "1997.02.01"]
[SourceVersion "1"]
[SourceVersionDate "1997.02.01"]
[SourceQuality "1"]

1. e4 c6 2. d4 d5 3. exd5 cxd5 4. c4 Nf6 5. Nc3 e6 6. Nf3 Be7 7. cxd5 Nxd5 8.
Bd3 Nc6 9. O-O O-O 10. Re1 Bf6 11. Be4 Nce7 12. Ne5 Ng6 (12... Nc6 13. Nf3 Nce7
{1/2-1/2 Ivanchuk,V-Karpov,An/URS-ch55 Moscow ;URS-ch 1988}) (12... Nf5 13. a3
Nde7 14. Be3 Bd7 (14... Nxe3 15. Rxe3 Nf5 16. Bxf5 exf5 $13) 15. Ng4 Bh4 16.
Qc2 (16. d5 $6 Nxe3 17. Nxe3 f5 18. Bf3 Qb6 19. g3 f4 20. gxh4 fxe3 21. Rxe3
Nf5 22. Re4 Qxb2 $17) 16... Bc6 17. g3 h5 $1 18. Ne5 $8 Bf6 (18... Bxe4 19.
Qxe4 Bf6 $10) 19. Rad1 Rc8 20. Qe2 g6 (20... h4 $5) 21. Qf3 Bxe4 22. Nxe4 Bg7
$15 23. h3 Rc2 24. Bg5 f6 $17 25. Qb3 $8 Qc8 (25... Nxd4 $2 26. Rxd4 Qxd4 27.
Bxf6 $3 Bxf6 28. Nxf6+ Rxf6 29. Qxc2 $16) 26. Nc5 (26. Bxf6 Bxf6 27. Nc3 Rxf2
$1 $19) 26... Nxd4 $19 27. Rxd4 Rxc5 28. Nd7 fxg5 29. Rd3 Rc1 30. Qxe6+ Rf7 31.
Rxc1 Qxc1+ 32. Kh2 Qc6 {0-1 Hulak,K-Torre,E/Toluca izt (08) ;IZT 1982 (38)})
13. Qf3 Nxc3 (13... Nde7 14. Be3 Bxe5 15. dxe5 $14) 14. bxc3 (14. Qxc3 Qd6 15.
Nxg6 hxg6 16. Be3 Rd8 17. Rad1 $14 {[%cal Ye4b7]}) 14... Bxe5 15. dxe5 Qa5 (
15... Qc7 16. Ba3 Rd8 17. Bd6 $14) 16. Rb1 (16. Bb2 $5 Rd8 (16... Nxe5 17.
Bxh7+ Kxh7 18. Qh5+ Kg8 19. Rxe5 Qb6 20. Ba3 Rd8 21. Qh4 $14) (16... Bd7 $5 17.
c4 (17. Bxb7 Rab8 $10 {[%csl Rb2,Re5]}) (17. Bxg6 hxg6 18. Qxb7 Rab8 19. Qxd7
Rxb2 20. Qc6 Rxa2 21. Rxa2 Qxa2 $10) 17... Rab8 18. Qa3 Qxa3 19. Bxa3 Rfd8 20.
Bd6 Rbc8 21. c5 Bc6 22. Bxc6 Rxc6 23. Rab1 b6 24. cxb6 axb6 25. Rec1 Rdc8 26.
Rxc6 Rxc6 27. g3 $10) 17. c4 Rb8 18. Rad1 Bd7 19. Qc3 Qxc3 20. Bxc3 Bc6 21.
Bxc6 bxc6 22. Rd6 $14) 16... Nxe5 17. Qe2 (17. Qg3 Ng6 18. a3 Qe5 (18... Rd8
19. Bxb7 (19. Bg5 Rd7 $6 (19... Re8 20. c4 (20. Bxb7 $6 Bxb7 21. Rxb7 Rac8 $15)
20... e5 21. h4 $44) 20. h4 $1 $32 {[%csl Rc8]} Qxa3 21. h5 Nf8 22. Bf6 g6 23.
Qg5 e5 24. Qh6 Ne6 25. hxg6 fxg6 26. Bxg6 hxg6 27. Qxg6+ Ng7 28. Rxe5 Qf8 29.
Rbe1 Rf7 30. Be7 Rxe7 (30... Bf5 31. Rxf5 $18) 31. Rxe7 Bf5 32. Rxg7+ Qxg7 33.
Qxf5 $18) 19... Bxb7 20. Rxb7 Rac8 $15) 19. Qxe5 Nxe5 20. Bxh7+ Kxh7 21. Rxe5
$11) 17... a6 18. Rb3 (18. Bxb7 Bxb7 19. Rxb7 (19. Qxe5 Qxe5 20. Rxe5 Bd5 $15)
19... Rad8 $11) 18... Nc6 19. Bb2 e5 20. c4 $44 1/2-1/2

[Event "GER-ch 74th"]
[Site "Saarbruecken"]
[Date "2002.11.24"]
[Round "3"]
[White "Slobodjan, Roman"]
[Black "Seger, Ruediger"]
[Result "1-0"]
[WhiteElo "2521"]
[BlackElo "2406"]
[Annotator "Tsesarsky,I"]
[PlyCount "85"]
[EventDate "2002.11.22"]
[EventType "swiss"]
[EventRounds "9"]
[EventCountry "GER"]
[SourceTitle "CBM 093"]
[Source "ChessBase"]
[SourceDate "2003.04.01"]
[SourceVersion "1"]
[SourceVersionDate "2003.04.01"]
[SourceQuality "1"]

1. e4 c6 2. c4 d5 3. exd5 cxd5 4. cxd5 (4. d4 Nf6 5. Nc3 e6 6. Nf3 Bb4 7. cxd5
Nxd5 8. Bd2 Nc6 9. Bd3 Nf6 10. O-O O-O 11. Bg5 Be7 12. Re1 b6 13. a3 Bb7 14.
Bc2 Rc8 15. Qd3 g6 16. Rad1 Nd5 17. Bh6 Re8 18. Ba4 Nxc3 $1 (18... a6 $6 19.
Nxd5 $5 $14 {-see commentaries to the 6-th move.} (19. Ne5 Nxe5 20. Rxe5 Nxc3
21. bxc3 b5 22. Bb3 Bxa3 $17 {1/2-1/2 Prates,F-Loureiro,L/BRA 1995/EXT 97 (31)}
) (19. Ne4 b5 20. Bb3 Na5 21. Ba2 Nc4 22. Qe2 $132 {1/2-1/2 Banas,J-Haba,P/AUT
1995/EXT 99 (29)})) 19. bxc3 Bxa3 20. c4 $44 {1/2-1/2 Moskalenko,V-Hatanbaatar,
B/Moscow 1996/EXT 2000 (39)}) 4... Nf6 5. Nc3 Nxd5 6. Nf3 Nc6 (6... e6 7. d4
Bb4 8. Bd2 O-O 9. Bd3 Nc6 10. O-O Nf6 11. Bg5 Be7 12. Re1 b6 13. a3 Bb7 14. Bc2
Rc8 15. Qd3 g6 16. Rad1 Nd5 17. Bh6 Re8 18. Ba4 Nxc3 $1 $132 (18... a6 19. Nxd5
$5 Qxd5 20. Qe3 Rcd8 (20... Red8 21. Bb3 Qh5 22. d5 exd5 23. Qxb6 Ba8 24. Bf4
$14) 21. Bb3 Qh5 22. d5 exd5 23. Qxb6 Ba8 $14 (23... Qxh6 24. Qxb7 $16 {
0-1 Utemov,V-Lastin,A/Moscow 1996/CBM 55 ext (43)}))) 7. d4 e6 8. Bd3 Be7 9.
O-O O-O 10. Re1 Nf6 11. a3 b6 12. Bg5 Bb7 13. Bc2 Rc8 14. Qd3 g6 15. Rad1 Nd5
16. Bh6 Re8 17. Bb3 ({Most popular is} 17. Ba4 $5 {[%cal Ga4e8]} a6 $5 {
The best.} ({Other continuations are worse:} 17... Bf8 18. Bg5 Be7 19. h4 a6
20. Nxd5 exd5 21. Bxc6 Rxc6 22. Bxe7 Rxe7 23. h5 $14 {[%csl Rb7,Gf3] 1-0
Mortensen,E-Ostenstad,B/Espoo 1989/CBM 14 (35)}) (17... Bf6 18. Ne4 Bg7 19. Bg5
f6 20. Bh4 a6 21. Bg3 Bf8 22. b4 {1-0 Sax,G-Haag,E/Budapest 1976/MCL (47)}) 18.
Nxd5 (18. Ne4 b5 19. Bb3 Na5 20. Ba2 Nc4 21. Qe2 Nf6 $15) 18... Qxd5 19. Qe3
Bf6 (19... Red8 20. Bb3 Qf5 21. d5 exd5 22. Qxb6 $14 {1/2-1/2 Smirnov,
I-Shkuran,D/Dnepropetrovsk 2002/EXT 2003 (46)}) 20. Bb3 Qd8 21. Qf4 Na5 22. Ba2
$1 (22. d5 $6 e5 (22... Nxb3 23. dxe6 Rxe6 24. Rxd8+ Rxd8 25. Rxe6 fxe6 26. h3
$18) 23. Qe3 Nxb3 24. Qxb3 e4 25. d6 Re6 $15 {1-0 Malinin,Y-Eliseev,A/St
Petersburg 1999/EXT 2000 (48)}) 22... Nc4 23. Bg5 Bxg5 24. Nxg5 Rf8 25. Bxc4 (
25. Qh4 h5 26. Re2 Qf6 $15) 25... Rxc4 26. Qh4 h5 27. Re3 Rc2 $132) (17. h4
Nxc3 18. bxc3 Qd5 (18... Na5 19. Ba4 Bc6 20. Bxc6 Rxc6 21. Ne5 Rc7 22. h5 $14 {
1/2-1/2 Roiz,M-Doettling,F/Tel Aviv 2001/CBM 81 ext (29)}) 19. Qd2 Qa5 20. Ng5
Nd8 $15 {1/2-1/2 Banas,J-Meduna,E/Marianske Lazne 1978/MCD (26)}) (17. Bd2 $4
Ndb4 18. axb4 Nxb4 19. Qe2 Nxc2 $19 {1/2-1/2 Fedorov,V-Schorr,L/Concord 1995/
EXT 97 (23)}) (17. Bb1 Nxc3 18. bxc3 Na5 19. Ne5 Bd5 20. Qg3 Bf8 21. Bxf8 Rxf8
22. h4 $132 {0-1 Waldmann,H-Tepojan,L/Germany 1996/EXT 99 (90)}) (17. Nxd5 Qxd5
(17... exd5 18. h4 Bf6 19. Rxe8+ Qxe8 20. Re1 Qd7 21. Qe3 Bg7 22. Ba4 $14 {
1-0 Veresagin,J-Petchenkin,A/Krasnodar 1998/EXT 2000 (51)}) 18. Qd2 $132) 17...
Na5 (17... Nxc3 18. bxc3 Bf6 19. Ba2 Na5 20. Ne5 Qc7 21. Rc1 Qd6 22. Ng4 Bh8
23. Bg5 Nc6 24. Qf3 $36 {1/2-1/2 Hochgraefe,M-Upleger,M/Germany 1991/EXT 97-B 
(40)}) 18. Ba4 (18. Nxd5 Bxd5 19. Ba4 Bc4 20. Qe3 b5 21. Bc2 Bd5 22. Bd3 Nc4
$15 {1/2-1/2 Hernandez,A-Vethencourt,M/Merida 1997/EXT 2001 (35)}) 18... Bc6
19. Bxc6 Nxc6 20. Ne4 Bf8 21. Bxf8 Kxf8 22. Nfg5 $132 {Black was lucky to
exchange both pairs of BB and received good counterplay against White isolated
central Pd4. However, White has strong pieces play in the kingside.} h6 (22...
Kg7 23. Qg3 $14 {[%cal Gh2h4]}) 23. Nf3 Nf6 24. Nc3 Kg7 (24... Re7 {[%cal
Ge7c7]} 25. b4 Rec7 $132) 25. Ne5 Nd5 (25... Rf8 $5) 26. Ne4 f5 $6 $14 {
[%csl Rg7] Unnecessary kingside weakening.} ({Better was} 26... Nce7 27. Rc1
Rxc1 28. Rxc1 f6 $132) 27. Qg3 {[%csl Rg6][%cal Gg3g6,Ge5g6]} Nce7 (27... g5
28. Nc3 Nf4 29. Qe3 $16 {[%csl Rg7]}) 28. Nd2 (28. Nc3 $14) 28... Nf6 29. Nd3
$6 $132 ({Why not} 29. Nec4 {[%cal Gc4d6]} Nh5 30. Qe5+ $14) ({Or} 29. Ndc4 $1
$14 {-see below.}) 29... Ned5 $6 $14 ({Interesting was to acept the P
sacrifice:} 29... Qxd4 30. Nf4 (30. Nf3 Qg4 31. Qd6 Rcd8 32. Qxe6 Ned5 33. Qc6
Rc8 34. Qb5 Rxe1+ $11) (30. Rxe6 Qg4 $11 {[%cal Gg4d1,Gg4g3]}) 30... Qxb2 31.
Nxe6+ (31. Rxe6 Rc1 $15) 31... Kf7 32. Qd6 $132 {[%csl Rf7][%cal Ge6c7]}) 30.
Ne5 Ne7 31. Ndc4 $5 (31. Nec4 $14) 31... Nh5 {Black doesn't know what to do...}
({Worth of attention} 31... b5 $5 32. Ne3 Qd6 $14) (31... Ne4 32. Qd3 (32. Qb3
Qd5 33. Qd3 Nc6 34. Nxc6 Qxc6 35. Ne5 Qc2 36. Qf3 Red8 37. h4 $14) 32... Nd5
33. f3 Nef6 34. a4 $14) 32. Qf3 Nf6 33. h3 b5 (33... Rf8 $2 34. Ne3 Nfd5 35.
Rc1 $16) 34. Ne3 Nfd5 $6 $16 (34... Qd6 $14) 35. Nd3 {[%csl Re6][%cal Gd3c5,
Gd3f4]} Nxe3 36. Rxe3 Nd5 (36... Nc6 37. Nf4 Nxd4 38. Qb7+ (38. Rxd4 $2 Qxd4
39. Nxe6+ Rxe6 40. Rxe6 Rc1+ 41. Kh2 Kf7 42. Ra6 Qe5+ 43. g3 Rc7 44. h4 h5 $14
{[%csl Rf7]}) 38... Kf6 39. Kh1 Rc7 40. Nd5+ $1 $18) (36... Qxd4 37. Nf4 Qxb2
38. Rxe6 Rc1 39. Nxg6 $16 {[%csl Rg7]}) 37. Re5 Qd6 38. Rde1 Re7 $2 $18 ({
More stubborn was} 38... Nc7 39. Qe3 Red8 40. Nf4 Qxd4 41. Qg3 g5 42. Nxe6+
Nxe6 43. Rxe6 $16 {[%csl Rg7]}) 39. Qg3 (39. Nc5 $18) 39... Rd8 (39... Rc4 40.
Rxd5 Qxd5 41. Nf4 Qxd4 42. Qxg6+ $18) 40. Nc5 {[%csl Re6]} Nc7 41. Nb7 Qxd4 42.
Nxd8 Qxd8 43. Rc5 1-0

[Event "Escaldes zt"]
[Site "Escaldes"]
[Date "1998.11.11"]
[Round "6"]
[White "Van der Sterren, Paul"]
[Black "San Segundo Carrillo, Pablo"]
[Result "1-0"]
[WhiteElo "2575"]
[BlackElo "2490"]
[Annotator "Tsesarsky,I"]
[PlyCount "119"]
[EventDate "1998.11.06"]
[EventType "swiss"]
[EventRounds "9"]
[EventCountry "AND"]
[SourceTitle "CBM 068"]
[Source "ChessBase"]
[SourceDate "1999.02.01"]
[SourceVersion "1"]
[SourceVersionDate "1999.02.01"]
[SourceQuality "1"]

{[%mdl 28704]} 1. c4 c6 2. e4 d5 3. exd5 cxd5 4. d4 Nf6 5. Nc3 e6 6. Nf3 Be7 7.
cxd5 Nxd5 8. Bd3 Nc6 9. O-O O-O 10. Re1 Bf6 11. Be4 Nce7 12. Ne5 Nc6 (12... Bd7
13. Ng4 $5 (13. Qd3 g6 14. Bh6 Bg7 15. Bxg7 Kxg7 16. Nxd5 (16. Bxd5 $5) 16...
exd5 17. Bf3 Be6 18. Qb3 Qb6 (18... Qd6 19. Rac1 b6 20. Be2 Rac8 $11 (20... a5
21. a3 f6 $11 (21... Rfc8 22. h3 Rxc1 23. Rxc1 Rc8 $11 {1-0 Smejkal,J-Kupka,S/
Luhacovice 1969/ (51)}))) 19. Qxb6 axb6 20. a3 (20. Bd1 Nc6 21. Nxc6 bxc6 22.
a3 c5 $11 {1/2-1/2 Hansen,C-Illescas Cordoba,M/Groningen PCA 1993 (29)}) 20...
Rfc8 21. Re2 Nf5 22. Rd2 Ra4 23. Rad1 b5 (23... f6 24. Ng4 h5 25. Ne3 $11) 24.
g4 Nd6 $11 {1-0 Kharlov,A-Janjgava,L/Kremlin Cup qual 1995 (49)}) 13... Bc6 14.
Qd3 Ng6 15. Be3 (15. Qd1 Rc8 (15... Nxc3 16. bxc3 Bxe4 17. Rxe4 Be7 $132) 16.
Nxf6+ Qxf6 17. Bb1 Nxc3 18. bxc3 Bd5 19. Bd2 b5 20. a4 b4 21. cxb4 Qxd4 22. Ra3
$132 {1-0 Wahls,M-Martinovsky,E/Hamburg Wichern G/30 1993 (22)}) 15... Nxe3 (
15... Nb4 $6 16. Qd2 Be7 $132 (16... Bxe4 17. Nxf6+ Qxf6 18. Nxe4 Qe7 19. d5
Nxd5 20. Bc5 $16 {1-0 Brunner,L-Gerber,R/Zug 1987/EXT 87 (43)})) 16. Nxf6+ Qxf6
17. fxe3 Rac8 $132) 13. Qd3 (13. Nxc6 bxc6 14. Qd3 g6 15. Bh6 Bg7 16. Bxg7 Kxg7
17. Na4 Rb8 18. b3 $14 {0-1 Bogic,S-Keca,D/Novi Sad ,EXT 1989 (22)}) (13. Nf3
Nce7 14. Ne5 Nc6 15. Qd3 h6 16. Bxd5 (16. a3 Nde7 17. Nxc6 bxc6 18. Rd1 Nd5 $11
{1/2-1/2 Minasian Ara-Asrian Karen/Ch Armenia, Yerevan (Armenia) 1996 (53)})
16... exd5 17. Bf4 Nb4 18. Qd2 Bf5 19. Rac1 Re8 20. Nb5 Bxe5 (20... Nxa2) 21.
Rxe5 Rxe5 22. dxe5 Nd3 23. Rc3 g5 24. Bg3 (24. Be3 Nxe5 25. h4 Nc4 $17 {
0-1 Zaitshik,G-Khenkin,I/Leningrad 1989 (42)}) 24... Rc8 25. Nd6 Rxc3 26. Qxc3
Qd7 27. h3 $14) (13. Bxd5 $1 $14 exd5 14. Nxc6 $5 (14. Bf4 Bf5 (14... Bxe5 15.
Bxe5 Be6 16. Qd2 Qd7 17. Bf4 $14 (17. Bxg7 $5 $11 Kxg7 18. Qg5+ Kh8 19. Qf6+
Kg8 20. Qg5+ {1/2-1/2 M.Bryson,D-V.Sadovoy,Y/WCCC 1993/Inf 03 (20)})) (14...
Be6 15. Nxc6 bxc6 16. Na4 Bf5 17. Qd2 a5 18. Be5 Bg5 19. Qc3 Rc8 20. Nc5 $14 {
1-0 Lipka,J-Izmukhambetov,S/Cappelle ,EXT 1995 (41)}) 15. Nxc6 bxc6 16. Na4 Re8
17. Qd2 Re4 18. Be3 Be7 19. f3 Re6 20. Bf4 $14 {1-0 Polgar,Z-Horvath,C/
Budapest Kasparov 1991 (56)}) (14. Na4 $6 Bxe5 15. dxe5 d4 16. Bf4 Be6 $11 {
1-0 Waldmann,H-Jacobs,J/OLNO 1992 (37)}) 14... bxc6 15. Na4 Bf5 16. Be3 (16.
Bf4 $14) 16... Be7 17. Rc1 Qd6 18. Qd2 Qg6 19. Bf4 $14 {1-0 Korneev,O-Jaster,R/
OLNN 1992 (54)}) 13... h6 (13... Nxc3 $4 14. bxc3 (14. Nxc6 bxc6 15. bxc3 $18 {
[%csl Rc6,Rh7]}) 14... Nxe5 15. Bxh7+ $18) (13... g6 14. Bh6 Bg7 15. Bxg7 Kxg7
16. Bxd5 exd5 17. Nxc6 bxc6 18. Na4 $14 {0-1 Sher,M-Asrian,K/Erevan op 1996/
EXP 52 (65)}) 14. Bxd5 (14. a3 Nde7 (14... Bxe5 15. dxe5 Nxe5 (15... Nxc3 16.
Qxc3 $14) 16. Qg3 (16. Bh7+ Kh8 17. Rxe5 Nxc3 18. bxc3 f5 19. Bxf5 (19. Qxd8
Rxd8 20. Bxh6 Kxh7 $11 (20... gxh6 21. Bg6 Kg7 22. Bh5 $11)) 19... exf5 20.
Qxd8 (20. Qe2 Qf6 21. Bb2 Bd7 22. c4 Qg6 $132 {1/2-1/2 Polgar,S-Thorsteins,K/
Budapest tt 1989 (33)}) 20... Rxd8 21. Be3 Kg8 22. Bd4 $14 {1-0 Willke,
H-Doderer,H/cr QTV-24 Hannover-Durlach [1] 1991 (45)}) 16... Ng6 (16... Nxc3
17. bxc3 (17. Bxh6 Ng6 18. Bxg6 (18. bxc3 gxh6 19. Bxg6 Qg5 (19... fxg6 20.
Qxg6+ Kh8 21. Qxh6+ Kg8 22. Qg6+ Kh8 23. Re5 Rf5 24. Re3 $18) 20. Be4 Qxg3 21.
hxg3 Rb8 22. Rad1 b5 $132 {1/2-1/2 Nijboer,F-van der Sterren,P/Nederland (ch)
1989/Inf 48/ (42)}) 18... Qf6 19. bxc3 Qxg6 20. Qxg6 fxg6 21. Bg5 $14) 17...
Ng6 18. Bxg6 fxg6 19. Bxh6 Qe8 20. Bg5 $16) 17. Bxh6 gxh6 18. Nxd5 exd5 19.
Bxg6 Qg5 20. Qxg5 hxg5 21. Bd3 Be6 22. Re5 g4 23. Rg5+ Kh8 $11) (14... Nxc3 15.
Nxc6 bxc6 16. bxc3 $16 (16. Bxc6 $2 Bxd4 (16... Rb8 17. bxc3 Qa5 18. Bd2 (18.
Bxh6 $5 Rb6 (18... gxh6 19. Qg3+ $18) 19. Qf3 gxh6 (19... Rxc6 20. Bxg7 Bxg7
21. Qxc6 Ba6 22. Re3 $18) 20. Qxf6 Rxc6 21. Qxh6 f6 22. d5 $1 (22. Qg6+ Kh8 23.
Re4 (23. Re3 Rxc3 $11) 23... Qg5 $15) 22... Rc7 (22... Qxd5 23. Qg6+ Kh8 24.
Re3 e5 25. Qh5+ Kg7 26. Rg3+ $18) 23. dxe6 (23. Re3 Rg7 24. dxe6 Qf5 25. Rae1
Re8 26. h3 Bxe6 27. g4 Rg6 28. Qh4 Qd5 29. f4 Re7 $132) 23... Rh7 24. Qf4 Qc7
$132) 18... Ba6 19. Qe3 Rfc8 20. Be4 $14) 17. Qc2 Rb8 18. bxc3 Qa5 $15)) 15.
Nxc6 Nxc6 16. d5 exd5 17. Nxd5 Be6 18. Nxf6+ Qxf6 19. Be3 a6 (19... Rad8 20.
Qb5 Rd7 $11) (19... Qxb2 20. Rab1 Qf6 21. Rxb7 $16) 20. Rac1 Rfd8 21. Qc3 Qxc3
22. Rxc3 Bd5 $11 {1-0 Ljubojevic,L-Khalifman,A/Groningen PCA ,CBM 1993 (61)}) (
14. Qg3 Bh4 15. Qd3 Bf6 $11) (14. Nf3 Nce7 15. Bd2 Bd7 16. Ne5 Bxe5 17. dxe5
Nxc3 18. Bxc3 Bc6 19. Bb4 Qxd3 20. Bxd3 Rfd8 21. Bf1 Nd5 $11 (21... Kf8 22. g3
Ke8 23. f4 Nd5 $11 (23... h5 24. Kf2 $11 {1-0 Nijboer,F-Douven Rudy C/
Amsterdam NED 1989 (71)}))) (14. Nxd5 exd5 15. Bf3 Qb6 (15... Be6 16. Bd2 Qb6
17. Nxc6 Qxc6 18. Bc3 Rac8 $11 {1/2-1/2 Weber,K-Plauth Herr,S/cr DFM 1990 (22)}
) 16. Bxd5 Qa5 $1 (16... Nb4 $2 17. Qb3 Nxd5 18. Qxd5 Be6 19. Qe4 Rfd8 $44 {
0-1 Nissen,J-Khenkin,I/Baden-Baden ,GER 1990 (38)}) 17. Bxf7+ Rxf7 18. Bd2 Nxe5
$1 19. dxe5 Qd8 $17 {This move was missed by both of players...}) 14... Nb4 (
14... exd5 15. Bf4 Nb4 16. Qb1 Be6 17. a3 Nc6 18. Qd3 Rc8 19. Rad1 Re8 $11 {
1/2-1/2 Polgar,J-Horvath,J/Hungary ch 1991 (39)}) 15. Qg3 Bh4 (15... Nc2 $2 16.
Be4 Nxe1 (16... Bh4 17. Qd3 Nxe1 18. Qe3 Nxg2 19. Bxg2 $16) 17. Bxh6 (17. Be3
Bh4 18. Qh3 f5 19. Rxe1 fxe4 20. Ng6 Bf6 (20... Bxf2+ $5 21. Bxf2 Rxf2 22. Kxf2
Qf6+ 23. Kg1 Qxg6 24. Nxe4 $16) 21. Nxf8 Kxf8 22. Nxe4 Bxd4 23. Rd1 e5 24. Qf3+
Kg8 25. Nc3 Be6 26. Bxd4 exd4 27. Qe4 Qf6 28. Qxd4 $16) 17... Qxd4 18. Ng4 $18)
(15... exd5 16. Re2 Bh4 17. Qf3 Be6 18. a3 Nc6 19. Nxc6 bxc6 20. Bf4 Qf6 21.
Qe3 $14) 16. Qf3 Nxd5 (16... exd5 17. Re2 Be6 18. a3 Nc6 19. Nxc6 bxc6 20. Na4
Qc8 21. h3 Be7 22. Bf4 $14 {1-0 Smyslov,V-Ivanchuk,V/USSR (ch) 1988/Inf 46/
[Smyslov,V; Andrianov,N] (52)}) (16... Nc2 17. Qe4 (17. Be4 Nxe1 18. Qe3 Nxg2
19. Bxg2 $14) 17... Nxa1 (17... Nxe1 18. Bb3 $16) 18. Bc4 f5 19. Qd3 a6 20. Ng6
b5 21. Bxe6+ Bxe6 22. Rxe6 Rf7 23. Nxh4 Qxh4 24. Qb1 Qxd4 25. Re1 Rd7 26. Qxa1
$16) 17. Nxd5 (17. Re4 f5 (17... Bg5 18. Rg4 (18. Bxg5 Qxg5 19. Nxd5 exd5 20.
Re2 Be6 21. Qb3 b6 22. Rae1 $14) 18... f5 $1 (18... Nxc3 $2 19. Bxg5 hxg5 20.
bxc3 f6 21. Ng6 Re8 22. Rg3 (22. h4 e5 $15) 22... Qc7 (22... Qd5 23. Qh5 b6 24.
Rf3 $1 $18 {[%cal Gh5h8,Gg6e5]}) 23. Qh5 Bd7 24. Rf3 $18 (24. h4 $16 {1-0
Schroeder,C-Plauth Herr,S/cr DFM 1990 (29)})) 19. Rg3 (19. Rxg5 hxg5 $17) 19...
f4 20. Rh3 b6 21. Ne4 Bb7 22. Qg4 Rf5 23. Rh5 Nf6 24. Nxf6+ Qxf6 25. h4 g6 26.
Nxg6 Qxg6 27. hxg5 hxg5 $132) 18. Rxh4 (18. Re2 $14) 18... Qxh4 19. Ng6 (19.
Nxd5 exd5 20. Qxd5+ Kh7 21. Be3 Qe4 22. Qxe4 fxe4 23. d5 Rd8 24. Rd1 Be6 $17)
19... Qxd4 20. Nxd5 exd5 21. Nxf8 Kxf8 22. Be3 Qe4 23. Qg3 Be6 24. Qd6+ Kg8 $15
{1/2-1/2 Mortensen,E-Jelling,E/DEN 1989 (40)}) 17... exd5 $11 18. Qb3 (18. Bf4)
18... Bf6 19. Bf4 Bxe5 20. Bxe5 a5 $2 $16 (20... Re8 21. Qg3 f6 22. Bc7 Qd7 23.
Bf4 Kh7 24. h3 (24. Rxe8 Qxe8 25. h3 $11) 24... b6 25. Rac1 Rxe1+ 26. Rxe1 Ba6
27. Bb8 Qb7 (27... Qf7 28. b3 Qg8 29. Bd6 Re8 $11) 28. Bd6 Qf7 29. Re7 Qg6 $14)
21. Rac1 a4 (21... f6 22. Bc7 Qd7 23. Rc5 Re8 24. Qxd5+ Kh7 25. Rxe8 Qxe8 26.
Rc1 Qe6 $16) 22. Qg3 Qg5 (22... f6 23. Rc7 Bd7 24. Bf4 Re8 25. Rxe8+ Qxe8 26.
h3 g5 27. Rxb7 Bc8 28. Rc7 Qe1+ 29. Kh2 Bf5 30. Be3 $16) 23. Qxg5 hxg5 24. Bd6
Rd8 25. Be7 Re8 26. Bxg5 Rxe1+ (26... Bd7 27. f3 $16) 27. Rxe1 Be6 (27... Bd7
28. f3 $16) 28. a3 (28. f3 $16) 28... Rc8 29. Bd2 Rc2 30. Bc3 g6 $2 $18 {
[%csl Rf6,Rg7]} (30... Bd7 31. f3 f6 32. Re7 Bc6 33. h4 $16) 31. h3 Kg7 32. g4
Kf6 (32... g5 33. Kg2 b5 34. Kg3 b4 35. Bxb4 Rxb2 36. f3 Rb3 37. Be7 Rd3 38.
Re5 Rxd4 39. Rxg5+ Kh6 40. h4 $18) 33. Kg2 Bd7 34. Kg3 Bb5 35. Re5 Bc4 36. g5+
Kg7 37. Re7 b5 38. Rb7 (38. f3 Re2 39. Rb7 Bd3 40. Bb4 $5 Rxb2 41. Rb8 (41. Be7
Re2 42. Bf6+ Kf8 43. Be5 (43. Rb8+ Re8 $14) 43... Bc4 44. h4 $14) 41... f5 42.
Rb7+ Kg8 43. h4 Rb3 44. Kf4 Be2 45. Ke5 Bxf3 46. Kf6 Bh5 47. Bd6 $1 $18 {
[%csl Rg8]}) 38... Re2 39. Bb4 $4 $14 (39. f3 $1 Bd3 (39... Rc2 40. Bb4 Rxb2
41. Rb8 $1 (41. Bd6 $2 Rb3 42. Be5+ Kf8 43. Bf6 Re3 44. Kf4 Re6 $14) 41... f5 (
41... Re2 42. Bf8+ Kh7 43. Bd6 Re6 44. Be5 Rxe5 45. dxe5 $18) 42. Rb7+ Kg8 43.
h4 (43. Kf4 Re2 (43... Rh2 44. Ke5 Rxh3 45. Kf6 $18) 44. h4 Bd3 45. Bd6 $18)
43... Ra2 44. h5 gxh5 45. Kf4 Bd3 46. Ke5 Rc2 47. Bc5 Rg2 48. Kf6 f4 49. Rg7+
Kh8 50. Kf7 Bf5 51. Bd6 Be6+ 52. Kf8 Rc2 53. Rg6 Rc8+ 54. Ke7 $18)) 39... Rxb2
40. Be7 (40. Rb8 Rb3+ 41. Kg2 f5 42. Rb7+ Kg8 43. h4 (43. Bd6 Bd3 44. Be5 Rxa3
45. Rg7+ Kf8 46. Rxg6 Be4+ 47. Kf1 Rxh3 $19) 43... Rd3 44. Bc5 $14) 40... Re2
41. h4 (41. f3 Re6 42. Kf4 $14) 41... Re6 42. f3 Bd3 43. Kf4 Bc4 44. Bf6+ Kf8
45. Be5 Ke8 46. Ke3 (46. Bf6 Re2 $14) 46... Re7 47. Rb6 Re6 48. Rb8+ Kd7 49.
Kd2 Rc6 50. Rb7+ Kc8 $4 $18 (50... Ke8 $14) 51. Rxf7 b4 (51... Bb3 52. h5 gxh5
53. f4 Bc2 54. f5 $18) 52. axb4 a3 53. Ra7 Ba6 (53... Ra6 54. Rxa6 Bxa6 55. Kc2
Bc4 56. f4 Kd7 57. f5 Bd3+ 58. Kb3 Bxf5 59. Kxa3 Kc6 60. Ka4 Kb6 61. Kb3 (61.
b5 Bd7 $11) 61... Kb5 62. Bd6 Bg4 63. Kc3 Bf5 64. Kd2 Kc4 65. Bc5 Bg4 66. Ke3
Bh5 67. Kf4 Bd1 68. Ke5 Bf3 69. Kd6 Kb5 70. h5 Bxh5 71. Kxd5 Bf3+ 72. Ke6 Kc4
73. Kf7 Be4 74. Kf6 Bd3 75. Ke5 Be2 76. d5 $18) (53... a2 54. b5 $3 (54. h5 $4
Ra6 $19) (54. Kc3 $2 Ba6+ 55. Kb2 Rc2+ 56. Ka1 Bc4 $44) 54... Rb6 55. h5 gxh5
56. f4 Rb7 57. Ra8+ Kd7 58. g6 Rxb5 59. g7 Rb2+ 60. Ke3 Rg2 61. f5 $18) 54. b5
$1 Rb6 55. Rc7+ Kd8 56. Rc3 (56. bxa6 a2 57. Rc1 Rb1 58. a7 a1=Q 59. Rxb1 Qxa7
$16) 56... a2 57. Ra3 Bxb5 58. Rxa2 Bd7 59. Ke3 Ke7 60. Kf4 1-0